000 00542nam a22001817a 4500
005 20240206065207.0
008 240206b |||||||| |||| 00| 0 eng d
020 _a9780702173097
041 _aEnglish
082 _a347.5 PRE
100 _aPrest, CB
_lEnglish
245 _aThe Law of Practice of Interdicts /
_cCB Prest
250 _aFirst Edition
260 _aCape Town :
_bJuta and Company Ltd,
_c1996
300 _blv, 405 pages ;
_c25 cm.
650 _aLegal practice
_bLaw
942 _cBK
_6ALISON_BN_VRIES
999 _c1331
_d1331